Vývoj štruktúry príjmov domácností v Slovenskej republike od roku 2008

Disponibilný príjem domácností predstavuje základný ukazovateľ, podľa ktorého je možné merať materiálny blahobyt v spoločnosti. Vývoj a objektívne zhodnotenie aktuálnej situácie a spotrebných možností domácností.

Enregistré dans:
Détails bibliographiques
Auteur principal: Tkáč, Miroslav, 1987-
Format: Chapitre de livre
Langue:slovaque
Sujets:
Tags: Ajouter un tag
Pas de tags, Soyez le premier à ajouter un tag!

MARC

LEADER 00000nla a2200000 4500
001 0177426
005 20240502073024.3
041 0 |a slo 
044 |a SK 
245 1 0 |a Vývoj štruktúry príjmov domácností v Slovenskej republike od roku 2008  |c Miroslav Tkáč 
520 |a Disponibilný príjem domácností predstavuje základný ukazovateľ, podľa ktorého je možné merať materiálny blahobyt v spoločnosti. Vývoj a objektívne zhodnotenie aktuálnej situácie a spotrebných možností domácností. 
610 2 0 |a Slovensko 
610 2 0 |a domácnosti 
610 2 0 |a príjmy rodinné 
610 2 0 |a náklady životné 
610 2 0 |a podmienky sociálne 
610 2 0 |a ukazovatele ekonomické 
100 1 |a Tkáč, Miroslav, 1987-